|
|
|
|
| LEADER |
00000nab a2200000 a 4500 |
| 001 |
vtls000074106 |
| 003 |
SK-MaSNL |
| 005 |
20260304053037.0 |
| 008 |
250422c1980 xo 0 slo |
| 015 |
|
|
|a SNBRB19rr/mm-uuuuu
|
| 035 |
|
|
|a CL0084207
|
| 035 |
|
|
|a urn:nbn:sk:snk-ab1u8x
|
| 035 |
|
|
|a (urnnbn)urn:nbn:sk:snk:ar-a00yqo
|
| 035 |
|
|
|a (uuid)ac4b8258-fb72-4b35-acd2-f0f9423cff57
|
| 040 |
|
|
|a SNKBUCL
|b slo
|c SNKBUCL
|e AACR2
|
| 041 |
0 |
|
|a slo
|
| 044 |
|
|
|a xo
|c SK
|
| 080 |
|
|
|a 782/785
|2 1981
|
| 100 |
1 |
|
|a Ursínyová, Terézia,
|d 1942-
|4 aut
|9 103725
|
| 245 |
1 |
0 |
|a Sovietska hudba na festivale
|c T. Ursínyová
|
| 650 |
0 |
7 |
|a hudba sovietska
|2 snkbucl
|9 920601
|
| 655 |
|
7 |
|a články z novín a časopisov
|2 snkbucl
|9 267496
|
| 773 |
0 |
|
|t Hudobný život
|g Roč. 12, č. 21 (1980), s. 4
|
| 850 |
|
|
|a Slovenská národná knižnica
|
| 852 |
|
|
|a Slovenská národná knižnica
|
| 954 |
|
|
|a odborná, vedecká literatúra pôvodná (slovenská)
|2 lita
|
| 957 |
|
|
|a 5100
|
| 958 |
|
|
|a article27
|
| 958 |
|
|
|a OND
|
| 958 |
|
|
|a RK
|
| 958 |
|
|
|a RU
|
| 958 |
|
|
|a EUIPO
|
| 992 |
|
|
|a RBX
|
| 999 |
|
|
|c 2711313
|d 2713243
|